00405 a2200145 4500001000700000040003200007245006300039260000800102362000900110650001400119650001300133942000700146952008700153999001900240125945 cEscola Canadense de Niteroi10aNational Geographic: memory why we remember, why we forget aUSA0 a2007 4aMagazines 4aMemories cCR 00104070a80.1b80.1d2024-02-09l0pA03834r2024-02-09 21:22:40w2024-02-09yCR c125945d125945